[Event "Oberliga NRW 1819"]
[Site "Germany"]
[Date "2018.12.09"]
[Round "4.8"]
[White "Wagenknecht, Uwe"]
[Black "Patscha, Elias"]
[Result "0-1"]
[WhiteElo "2200"]
[BlackElo "2179"]
[PlyCount "60"]
[EventDate "2018.09.16"]
[EventType "team-tourn"]
[EventRounds "9"]
[EventCountry "GER"]
[SourceTitle "EXT 2020"]
[Source "ChessBase"]
[SourceDate "2019.10.17"]
[SourceVersion "1"]
[SourceVersionDate "2019.10.17"]
[SourceQuality "1"]
[WhiteTeam "Koeln Porz"]
[BlackTeam "Wuppertal Bahn"]
[WhiteTeamCountry "GER"]
[BlackTeamCountry "GER"]

1. Nf3 d5 2. b4 c6 3. Bb2 a5 4. bxa5 Nf6 5. e3 Bf5 6. Nd4 Bg4 7. f3 Bh5 8. Nb3 e6 9. Be2 Bd6 10. f4 Bxe2 11. Qxe2 Nbd7 12. 0-0 0-0 13. c4 e5 14. cxd5 Nxd5 15. Nc3 N5f6 16. Qc4 exf4 17. exf4 Re8 18. g3 Qe7 19. Rf2 Bc5 20. d4 Bb4 21. Re2 Qd6 22. Rxe8+ Nxe8 23. Re1 Nef6 24. Re5 Bxc3 25. Bxc3 Nxe5 26. fxe5 Qd5 27. Qb4 Ng4 28. Qxb7 Re8 29. Qa6 Qf3 30. Be1 Ne3 0-1

[Event "BL2-West 1718"]
[Site "Germany"]
[Date "2018.02.04"]
[Round "6.7"]
[White "Miedema, David"]
[Black "Wagenknecht, Uwe"]
[Result "1-0"]
[WhiteElo "2364"]
[BlackElo "2248"]
[PlyCount "77"]
[EventDate "2017.10.08"]
[EventType "team-tourn"]
[EventRounds "9"]
[EventCountry "GER"]
[SourceTitle "CBM 183 Extra"]
[Source "ChessBase"]
[SourceDate "2018.04.19"]
[SourceVersion "1"]
[SourceVersionDate "2018.04.19"]
[SourceQuality "1"]
[WhiteTeam "Duesseldorf"]
[BlackTeam "Koeln Porz"]
[WhiteTeamCountry "GER"]
[BlackTeamCountry "GER"]

1. d4 d5 2. c4 e6 3. Nc3 Nf6 4. cxd5 exd5 5. Bg5 Be7 6. e3 Nbd7 7. Bd3 c6 8. Nge2 Nf8 9. Qc2 Ne6 10. Bh4 g6 11. 0-0 0-0 12. Rad1 Ng7 13. f3 Nf5 14. Bf2 Nd6 15. Kh1 Re8 16. Bg1 Bf8 17. e4 dxe4 18. fxe4 Ng4 19. e5 Nf5 20. Bxf5 Bxf5 21. Rxf5 gxf5 22. Qxf5 Nh6 23. Qh5 f6 24. Be3 Nf7 25. Rf1 Bg7 26. Ne4 Nxe5 27. dxe5 Rxe5 28. Qf3 Qd7 29. N2g3 Rae8 30. Bh6 f5 31. Qb3+ Qe6 32. Bxg7 Qxb3 33. Nf6+ Kf7 34. axb3 R5e6 35. Nfh5 Re1 36. Bc3 Rxf1+ 37. Nxf1 Re2 38. Nhg3 Rc2 39. Nxf5 1-0

[Event "BL2-West 1718"]
[Site "Germany"]
[Date "2018.01.21"]
[Round "5.8"]
[White "Wagenknecht, Uwe"]
[Black "Babar, Michael"]
[Result "1/2-1/2"]
[WhiteElo "2248"]
[BlackElo "2130"]
[PlyCount "115"]
[EventDate "2017.10.08"]
[EventType "team-tourn"]
[EventRounds "9"]
[EventCountry "GER"]
[SourceTitle "CBM 183 Extra"]
[Source "ChessBase"]
[SourceDate "2018.04.19"]
[SourceVersion "1"]
[SourceVersionDate "2018.04.19"]
[SourceQuality "1"]
[WhiteTeam "Koeln Porz"]
[BlackTeam "Dortmund Hansa"]
[WhiteTeamCountry "GER"]
[BlackTeamCountry "GER"]

1. c4 Nf6 2. Nc3 d6 3. d4 Nbd7 4. Nf3 e5 5. e4 Be7 6. Be2 0-0 7. 0-0 Re8 8. Rb1 Bf8 9. d5 Nc5 10. Nd2 a5 11. Qc2 g6 12. b3 Bh6 13. a3 Bd7 14. b4 axb4 15. axb4 Na4 16. Bf3 Nxc3 17. Qxc3 Qe7 18. Nb3 Bxc1 19. Rfxc1 b6 20. Ra1 Reb8 21. c5 Bb5 22. c6 Qd8 23. Nd2 Kg7 24. g3 Qc8 25. Bg2 Rxa1 26. Rxa1 Ra8 27. f3 Rxa1+ 28. Qxa1 Qa6 29. Qxa6 Bxa6 30. Bf1 Bc8 31. Nb1 Ne8 32. Nc3 Kf8 33. h4 Ke7 34. Kh2 Kd8 35. Bh3 Ba6 36. b5 Bc8 37. Bxc8 Kxc8 38. Kh3 Kd8 39. h5 Ke7 40. Kh4 f6 41. hxg6 hxg6 42. f4 Ng7 43. Kg4 Kf7 44. f5 g5 45. Na2 Ke7 46. Nb4 Kd8 47. Na6 Kc8 48. Kh3 Nh5 49. Kg2 Ng7 50. Kf2 Kd8 51. Nb8 Ke7 52. Nd7 Ne8 53. Kf3 Kf7 54. Kg4 Kg7 55. Kh5 Kh7 56. Nf8+ Kg7 57. Ne6+ Kh7 58. Nf8+ 1/2-1/2

[Event "BL2-West 1718"]
[Site "Germany"]
[Date "2017.11.12"]
[Round "3.5"]
[White "Bewersdorff, Oliver"]
[Black "Wagenknecht, Uwe"]
[Result "1-0"]
[WhiteElo "2299"]
[BlackElo "2248"]
[PlyCount "101"]
[EventDate "2017.10.08"]
[EventType "team-tourn"]
[EventRounds "9"]
[EventCountry "GER"]
[SourceTitle "CBM 183 Extra"]
[Source "ChessBase"]
[SourceDate "2018.04.19"]
[SourceVersion "1"]
[SourceVersionDate "2018.04.19"]
[SourceQuality "1"]
[WhiteTeam "Schott Mainz"]
[BlackTeam "Koeln Porz"]
[WhiteTeamCountry "GER"]
[BlackTeamCountry "GER"]

1. Nf3 Nf6 2. c4 g6 3. g3 Bg7 4. Bg2 0-0 5. 0-0 d6 6. d4 c6 7. Nc3 Qa5 8. e4 Bg4 9. h3 Bxf3 10. Bxf3 Nfd7 11. a3 c5 12. dxc5 Bxc3 13. bxc3 Nxc5 14. Bh6 Re8 15. Qd4 Ne6 16. Qd2 Nc6 17. Rab1 Qc7 18. Be2 Ne5 19. f4 Nxc4 20. Qa2 Rac8 21. Kh2 Nd8 22. Rb4 Nb6 23. Rf3 e6 24. f5 Nc6 25. fxg6 hxg6 26. Bg5 Ne5 27. Re3 Kg7 28. Bf4 Nbc4 29. Bxc4 Nxc4 30. Re2 b6 31. Rb1 e5 32. Bc1 f6 33. Rf2 Qf7 34. Bg5 f5 35. Rbf1 Rf8 36. exf5 gxf5 37. Rxf5 Qxf5 38. Rxf5 Rxf5 39. h4 d5 40. Qe2 Rcf8 41. Qg4 Rf2+ 42. Kh3 R8f5 43. Be3+ Kf6 44. Bxf2 Rxf2 45. Qg8 Rd2 46. Qg5+ Ke6 47. h5 e4 48. h6 e3 49. h7 e2 50. h8Q e1Q 51. Qe8+ 1-0

[Event "BL2-West 1718"]
[Site "Germany"]
[Date "2017.10.22"]
[Round "2.7"]
[White "Wagenknecht, Uwe"]
[Black "Marcziter, Dmitrii"]
[Result "1-0"]
[WhiteElo "2248"]
[BlackElo "2311"]
[PlyCount "77"]
[EventDate "2017.10.08"]
[EventType "team-tourn"]
[EventRounds "9"]
[EventCountry "GER"]
[SourceTitle "CBM 183 Extra"]
[Source "ChessBase"]
[SourceDate "2018.04.19"]
[SourceVersion "1"]
[SourceVersionDate "2018.04.19"]
[SourceQuality "1"]
[WhiteTeam "Koeln Porz"]
[BlackTeam "Aachen DJK"]
[WhiteTeamCountry "GER"]
[BlackTeamCountry "GER"]

1. c4 e5 2. Nc3 Nf6 3. g3 Bb4 4. Bg2 Bxc3 5. dxc3 h6 6. e4 d6 7. Ne2 0-0 8. b3 Nc6 9. 0-0 Re8 10. h3 a5 11. a4 Be6 12. Be3 Qd7 13. Kh2 Rab8 14. Qc2 Qe7 15. Rae1 Bd7 16. Ng1 Nd8 17. Nf3 Ne6 18. Nh4 Nc5 19. Nf5 Bxf5 20. exf5 Nfd7 21. b4 Na6 22. Bd2 Nb6 23. Re4 c5 24. Rg4 Qf6 25. bxa5 Nc8 26. h4 Ne7 27. Be4 Nc6 28. Kg2 Nc7 29. Rh1 d5 30. cxd5 Nxa5 31. c4 b6 32. Bg5 Qd6 33. f6 h5 34. Bh7+ Kf8 35. fxg7+ Kxg7 36. Be7+ hxg4 37. Bxd6 Rb7 38. Bxc7 Rxc7 39. Bf5 1-0

[Event "Oberliga NRW 1617"]
[Site "Germany"]
[Date "2017.03.26"]
[Round "8.2"]
[White "Wagenknecht, Uwe"]
[Black "Trella, Thomas"]
[Result "1-0"]
[WhiteElo "2216"]
[BlackElo "2389"]
[PlyCount "85"]
[EventDate "2016.09.25"]
[EventType "team-tourn"]
[EventRounds "9"]
[EventCountry "GER"]
[SourceTitle "EXT 2020"]
[Source "ChessBase"]
[SourceDate "2019.10.17"]
[SourceVersion "1"]
[SourceVersionDate "2019.10.17"]
[SourceQuality "1"]
[WhiteTeam "Koeln Porz II"]
[BlackTeam "Dinslaken"]
[WhiteTeamCountry "GER"]
[BlackTeamCountry "GER"]

1. c4 e5 2. Nc3 Nc6 3. Nf3 f5 4. d4 e4 5. Ng5 Nf6 6. e3 h6 7. Nh3 g5 8. Be2 Bg7 9. f3 exf3 10. gxf3 Ne7 11. Nf2 Ng6 12. Qd3 d6 13. Bd2 c6 14. 0-0-0 Bd7 15. Rdg1 Qe7 16. f4 Qf7 17. fxg5 hxg5 18. Rxg5 Bh6 19. Rg3 0-0-0 20. Rhg1 Ne7 21. h3 Rh7 22. Bf3 f4 23. exf4 Nf5 24. Rg4 Nxg4 25. hxg4 Nh4 26. Be4 Rg7 27. Ne2 d5 28. cxd5 cxd5 29. Bh1 Rgg8 30. Qh3 Qe7 31. Nc3 Be6 32. Re1 Qf6 33. Rxe6 Qxe6 34. Qxh4 Bg7 35. f5 Qc6 36. g5 b5 37. Kb1 b4 38. Ne2 Qc4 39. Bf3 Rge8 40. b3 Qa6 41. Qg4 Bf8 42. f6+ Kb7 43. Nc1 1-0

[Event "Oberliga NRW 1617"]
[Site "Germany"]
[Date "2017.01.22"]
[Round "5.7"]
[White "Klauke, Stefan"]
[Black "Wagenknecht, Uwe"]
[Result "0-1"]
[WhiteElo "2155"]
[BlackElo "2216"]
[PlyCount "92"]
[EventDate "2016.09.25"]
[EventType "team-tourn"]
[EventRounds "9"]
[EventCountry "GER"]
[SourceTitle "EXT 2020"]
[Source "ChessBase"]
[SourceDate "2019.10.17"]
[SourceVersion "1"]
[SourceVersionDate "2019.10.17"]
[SourceQuality "1"]
[WhiteTeam "Iserlohn Koenigsspringer"]
[BlackTeam "Koeln Porz II"]
[WhiteTeamCountry "GER"]
[BlackTeamCountry "GER"]

1. e4 c5 2. Nf3 g6 3. d4 cxd4 4. c3 d3 5. Bxd3 Bg7 6. 0-0 Nc6 7. c4 Nf6 8. Nc3 0-0 9. h3 d6 10. Be3 b6 11. Rc1 Bb7 12. Qe2 e6 13. Rfd1 Qe7 14. Bb1 Rfd8 15. a3 h6 16. b4 Kh7 17. Nb5 Ne8 18. c5 dxc5 19. bxc5 a6 20. Nd6 Nxd6 21. cxd6 Rxd6 22. Bxb6 Rxd1+ 23. Qxd1 Qxa3 24. Bc5 Qb2 25. Bd3 Rd8 26. Rb1 Qc3 27. Rxb7 Rxd3 28. Qe2 Rxf3 29. Qxf3 Qxc5 30. Qxf7 Qe5 31. Rc7 Nd4 32. Kh1 g5 33. Ra7 a5 34. Kg1 a4 35. Rxa4 Qxe4 36. Ra7 Qg6 37. Qd7 Qf6 38. Ra6 Kg6 39. Qe8+ Qf7 40. Qb8 Qf4 41. Qb1+ Qf5 42. Qb7 h5 43. Ra7 Qf6 44. Qe4+ Kh6 45. Ra6 Qe5 46. Qb7 Qe1+ 0-1

[Event "Oberliga NRW 1516"]
[Site "Germany"]
[Date "2016.03.06"]
[Round "7.5"]
[White "Wagenknecht, Uwe"]
[Black "Schulze, Marc Andre"]
[Result "1/2-1/2"]
[WhiteElo "2161"]
[BlackElo "2103"]
[PlyCount "66"]
[EventDate "2015.09.27"]
[EventType "team-tourn"]
[EventRounds "9"]
[EventCountry "GER"]
[SourceTitle "EXT 2017"]
[Source "ChessBase"]
[SourceDate "2016.10.25"]
[SourceVersion "1"]
[SourceVersionDate "2016.10.25"]
[SourceQuality "1"]
[WhiteTeam "Koeln Porz II"]
[BlackTeam "Plettenberg"]
[WhiteTeamCountry "GER"]
[BlackTeamCountry "GER"]

1. Nf3 c5 2. c4 Nc6 3. g3 g6 4. Bg2 Bg7 5. Nc3 Nf6 6. 0-0 0-0 7. d4 d6 8. dxc5 dxc5 9. Be3 Qa5 10. Qa4 Qxa4 11. Nxa4 b6 12. Rfd1 Bb7 13. Ne5 Nxe5 14. Bxb7 Rab8 15. Ba6 Ne4 16. f3 Nd6 17. Rac1 Ndxc4 18. Bxc4 Nxc4 19. Rxc4 b5 20. Rxc5 bxa4 21. b3 axb3 22. axb3 Rxb3 23. Kf2 Rb7 24. Rdc1 e6 25. R1c4 f5 26. Ra5 Ra8 27. Rca4 Kf7 28. Rxa7 Raxa7 29. Rxa7 Rxa7 30. Bxa7 e5 31. e4 Ke6 32. Be3 Bf6 33. Ke2 fxe4 1/2-1/2

[Event "Oberliga NRW 1415"]
[Site "Germany"]
[Date "2014.11.16"]
[Round "3.6"]
[White "Wagenknecht, Uwe"]
[Black "Nachbar, Benjamin"]
[Result "0-1"]
[WhiteElo "2148"]
[BlackElo "2159"]
[PlyCount "58"]
[EventDate "2014.09.14"]
[EventType "team-tourn"]
[EventRounds "9"]
[EventCountry "GER"]
[SourceTitle "EXT 2017"]
[Source "ChessBase"]
[SourceDate "2016.10.25"]
[SourceVersion "1"]
[SourceVersionDate "2016.10.25"]
[SourceQuality "1"]
[WhiteTeam "Koeln Porz II"]
[BlackTeam "Muelheim Nord II"]
[WhiteTeamCountry "GER"]
[BlackTeamCountry "GER"]

1. e4 c6 2. Nc3 d5 3. Nf3 Nf6 4. e5 Ne4 5. Ne2 Qb6 6. d4 e6 7. g3 c5 8. Bg2 Bd7 9. 0-0 Bb5 10. Be3 Nc6 11. c3 cxd4 12. Nfxd4 Nxe5 13. Nxb5 Qxb5 14. Nd4 Qd7 15. Qe2 Nf6 16. Rad1 Be7 17. Bh6 gxh6 18. Qxe5 Rc8 19. Bh3 Qd6 20. Qe3 h5 21. Rfe1 h6 22. Nxe6 fxe6 23. Bxe6 Rc7 24. Qf3 Rf8 25. Bxd5 Ng4 26. Qe2 Qb6 27. Rf1 Rd7 28. c4 Nxf2 29. Qxh5+ Kd8 0-1

[Event "Oberliga NRW 1314"]
[Site "Germany"]
[Date "2013.10.06"]
[Round "2.6"]
[White "Wagenknecht, Uwe"]
[Black "Gupta, Milon"]
[Result "1/2-1/2"]
[WhiteElo "2165"]
[BlackElo "2236"]
[PlyCount "79"]
[EventDate "2013.09.15"]
[EventType "team-tourn"]
[EventRounds "9"]
[EventCountry "GER"]
[SourceTitle "EXT 2015"]
[Source "ChessBase"]
[SourceDate "2014.11.20"]
[SourceVersion "1"]
[SourceVersionDate "2014.11.20"]
[SourceQuality "1"]
[WhiteTeam "Koeln Porz II"]
[BlackTeam "Solingen II"]
[WhiteTeamCountry "GER"]
[BlackTeamCountry "GER"]

1. Nf3 Nf6 2. c4 g6 3. Nc3 d5 4. cxd5 Nxd5 5. g3 Bg7 6. Bg2 c5 7. Qa4+ Nc6 8. Qc4 Ndb4 9. 0-0 Na6 10. Ng5 Ne5 11. Qb5+ Qd7 12. Qxd7+ Nxd7 13. d3 h6 14. Nf3 Nc7 15. Be3 e5 16. Rfc1 Bf8 17. Nd2 Rb8 18. f4 Ne6 19. Nb5 exf4 20. gxf4 Bg7 21. Rc2 a6 22. Nd6+ Ke7 23. Nxc8+ Rhxc8 24. Nf3 Nd4 25. Bxd4 cxd4 26. Rac1 Kd8 27. Bh3 Rxc2 28. Rxc2 Rc8 29. Rxc8+ Kxc8 30. Ne5 Bxe5 31. fxe5 Kc7 32. e6 fxe6 33. Bxe6 Nc5 34. Bf7 g5 35. Kf2 Kd6 36. b4 Nd7 37. Bg6 b6 38. e3 Ne5 39. Bf5 Nc6 40. a3 1/2-1/2

[Event "NRW Class1 1213"]
[Site "Germany"]
[Date "2013.04.28"]
[Round "9.3"]
[White "Wagenknecht, Uwe"]
[Black "Gajic, Goran"]
[Result "0-1"]
[WhiteElo "2175"]
[BlackElo "1956"]
[PlyCount "82"]
[EventDate "2012.09.16"]
[EventType "team-tourn"]
[EventRounds "9"]
[EventCountry "GER"]
[SourceTitle "EXT 2017"]
[Source "ChessBase"]
[SourceDate "2016.10.25"]
[SourceVersion "1"]
[SourceVersionDate "2016.10.25"]
[SourceQuality "1"]
[WhiteTeam "Bielefeld"]
[BlackTeam "Bocholt"]
[WhiteTeamCountry "GER"]
[BlackTeamCountry "GER"]

1. c4 Nf6 2. Nc3 e6 3. e4 c5 4. e5 Ng8 5. Nf3 d6 6. exd6 Bxd6 7. d4 a6 8. Be3 Qe7 9. Ne4 cxd4 10. Nxd6+ Qxd6 11. c5 Qe7 12. Qxd4 Nf6 13. Bc4 Nc6 14. Qc3 e5 15. 0-0 Bg4 16. Nd2 h6 17. b4 0-0 18. f3 Be6 19. a4 Bxc4 20. Qxc4 Rfd8 21. b5 Nd4 22. Rfe1 axb5 23. axb5 Rxa1 24. Rxa1 Nf5 25. Nf1 Nxe3 26. Nxe3 e4 27. f4 Qc7 28. g3 Rd3 29. Nf5 Rd5 30. b6 Qxc5+ 31. Qxc5 Rxc5 32. Ra8+ Kh7 33. Nd6 Rc6 34. Nxf7 Rxb6 35. f5 g6 36. fxg6+ Kxg6 37. Nd8 Rb1+ 38. Kg2 Rb2+ 39. Kg1 e3 40. Rb8 Rb1+ 41. Kg2 e2 0-1

[Event "NRW Class1 1213"]
[Site "Germany"]
[Date "2013.04.07"]
[Round "8.5"]
[White "Huette, Stefan"]
[Black "Wagenknecht, Uwe"]
[Result "1/2-1/2"]
[WhiteElo "2013"]
[BlackElo "2175"]
[PlyCount "94"]
[EventDate "2012.09.16"]
[EventType "team-tourn"]
[EventRounds "9"]
[EventCountry "GER"]
[SourceTitle "EXT 2017"]
[Source "ChessBase"]
[SourceDate "2016.10.25"]
[SourceVersion "1"]
[SourceVersionDate "2016.10.25"]
[SourceQuality "1"]
[WhiteTeam "Hattingen"]
[BlackTeam "Bielefeld"]
[WhiteTeamCountry "GER"]
[BlackTeamCountry "GER"]

1. d4 Nf6 2. Bg5 Ne4 3. h4 d5 4. Nd2 Bf5 5. Nxe4 dxe4 6. e3 h6 7. Bf4 e6 8. c3 Bd6 9. Qa4+ c6 10. Bxd6 Qxd6 11. Ne2 Nd7 12. Qc2 Nf6 13. c4 e5 14. Qc3 exd4 15. Nxd4 Bg4 16. Qd2 Rd8 17. Be2 Bxe2 18. Qxe2 Qb4+ 19. Kf1 c5 20. a3 Qa4 21. Nb5 0-0 22. g4 Nd7 23. Nc3 Qc6 24. Nd5 Qe6 25. g5 Ne5 26. gxh6 Qxh6 27. Ke1 b5 28. b3 bxc4 29. bxc4 Rfe8 30. Rd1 Nd3+ 31. Kf1 Rd6 32. Qg4 Qe6 33. Qg5 f6 34. Qg6 Qf7 35. Qg3 Rd7 36. Rg1 Re5 37. f4 Rexd5 38. cxd5 Qxd5 39. Qg6 Rf7 40. h5 Qa2 41. Rg2 Qb3 42. Rgd2 Qe6 43. f5 Qa6 44. Kg1 c4 45. h6 Qb6 46. h7+ Kh8 47. Qxf7 Qxe3+ 1/2-1/2

[Event "NRW Class1 1213"]
[Site "Germany"]
[Date "2012.10.21"]
[Round "2.4"]
[White "Mundorf, Johannes"]
[Black "Wagenknecht, Uwe"]
[Result "1/2-1/2"]
[WhiteElo "2156"]
[BlackElo "2175"]
[PlyCount "99"]
[EventDate "2012.09.16"]
[EventType "team-tourn"]
[EventRounds "9"]
[EventCountry "GER"]
[SourceTitle "EXT 2017"]
[Source "ChessBase"]
[SourceDate "2016.10.25"]
[SourceVersion "1"]
[SourceVersionDate "2016.10.25"]
[SourceQuality "1"]
[WhiteTeam "Dinslaken"]
[BlackTeam "Bielefeld"]
[WhiteTeamCountry "GER"]
[BlackTeamCountry "GER"]

1. Nf3 c5 2. c4 Nc6 3. g3 g6 4. Bg2 Bg7 5. Nc3 d6 6. 0-0 Bd7 7. a3 Rb8 8. Rb1 a6 9. b4 cxb4 10. axb4 b5 11. cxb5 axb5 12. d4 Bg4 13. Be3 Qd7 14. d5 Bxf3 15. Bxf3 Ne5 16. Bg2 Nh6 17. f4 Nf5 18. Bh3 Qc7 19. Bxf5 Qxc3 20. Rb3 Qc7 21. fxe5 gxf5 22. exd6 Qxd6 23. Bc5 Qd7 24. Re3 Bf6 25. Ref3 e6 26. e4 Rd8 27. Qe2 Rg8 28. exf5 e5 29. Ra3 Qxd5 30. Qxb5+ Qd7 31. Qb6 Be7 32. Bxe7 Qxe7 33. Re1 f6 34. Ra7 Qd6 35. Qxd6 Rxd6 36. Rxh7 Rd7 37. Rxd7 Kxd7 38. Re4 Kc6 39. Kf2 Kd5 40. Kf3 Ra8 41. h4 Ra3+ 42. Re3 e4+ 43. Kf2 Ra4 44. h5 Rxb4 45. Ra3 Kd4 46. h6 Rb2+ 47. Ke1 Rh2 48. Ra4+ Ke3 49. Ra3+ Kd4 50. Ra4+ 1/2-1/2

[Event "NRW Class2 1011"]
[Site "Germany"]
[Date "2010.12.19"]
[Round "4.5"]
[White "Wagenknecht, Uwe"]
[Black "Werbeck, Torsten"]
[Result "1/2-1/2"]
[WhiteElo "2207"]
[BlackElo "2136"]
[PlyCount "47"]
[EventDate "2010.09.26"]
[EventType "team-tourn"]
[EventRounds "9"]
[EventCountry "GER"]
[SourceTitle "EXT 2012"]
[Source "ChessBase"]
[SourceDate "2011.11.24"]
[SourceVersion "1"]
[SourceVersionDate "2011.11.24"]
[SourceQuality "1"]
[WhiteTeam "Bielefeld"]
[BlackTeam "Elberfeld"]
[WhiteTeamCountry "GER"]
[BlackTeamCountry "GER"]

1. c4 Nf6 2. Nc3 c5 3. g3 g6 4. Bg2 Bg7 5. Nf3 0-0 6. 0-0 Nc6 7. d4 cxd4 8. Nxd4 Nxd4 9. Qxd4 d6 10. Bg5 h6 11. Bxf6 Bxf6 12. Qe3 Bg7 13. Rac1 Be6 14. b3 Qd7 15. Rfd1 Rfc8 16. Nb5 a6 17. Nd4 Rc7 18. Nxe6 Qxe6 19. Qb6 Qc8 20. Rd3 Rb8 21. Rcd1 Rc5 22. Bd5 Qc7 23. Qxc7 Rxc7 24. a4 1/2-1/2

[Event "NRW Class2 1011"]
[Site "Germany"]
[Date "2010.09.26"]
[Round "1.4"]
[White "Buendgen, Achim"]
[Black "Wagenknecht, Uwe"]
[Result "1/2-1/2"]
[WhiteElo "2132"]
[BlackElo "2207"]
[PlyCount "48"]
[EventDate "2010.09.26"]
[EventType "team-tourn"]
[EventRounds "9"]
[EventCountry "GER"]
[SourceTitle "EXT 2012"]
[Source "ChessBase"]
[SourceDate "2011.11.24"]
[SourceVersion "1"]
[SourceVersionDate "2011.11.24"]
[SourceQuality "1"]
[WhiteTeam "Rheine Klein Berlin"]
[BlackTeam "Bielefeld"]
[WhiteTeamCountry "GER"]
[BlackTeamCountry "GER"]

1. d4 Nf6 2. Bg5 Ne4 3. h4 h6 4. Bf4 d5 5. Nd2 Bf5 6. Nxe4 Bxe4 7. f3 Bh7 8. e3 c6 9. Bd3 Bxd3 10. Qxd3 Qb6 11. Ne2 Nd7 12. 0-0-0 e6 13. e4 Be7 14. g4 0-0-0 15. exd5 cxd5 16. g5 hxg5 17. hxg5 g6 18. Qe3 Bd6 19. Bxd6 Qxd6 20. Nf4 Kb8 21. Nd3 Rc8 22. c3 Qg3 23. Qf4+ Qxf4+ 24. Nxf4 Nb6 1/2-1/2

[Event "NRW Class1 0809"]
[Site "Germany"]
[Date "2008.09.21"]
[Round "1.5"]
[White "Straub, Natalia"]
[Black "Wagenknecht, Uwe"]
[Result "1/2-1/2"]
[WhiteElo "2271"]
[BlackElo "2185"]
[PlyCount "66"]
[EventDate "2008.09.21"]
[EventType "tourn"]
[EventRounds "9"]
[EventCountry "GER"]
[SourceTitle "EXT 2010"]
[Source "ChessBase"]
[SourceDate "2010.11.25"]
[SourceVersion "1"]
[SourceVersionDate "2010.11.25"]
[SourceQuality "1"]
[WhiteTeam "Duesseldorf"]
[BlackTeam "Bielefeld"]
[WhiteTeamCountry "GER"]
[BlackTeamCountry "GER"]

1. d4 Nf6 2. c4 g6 3. g3 Bg7 4. Bg2 d6 5. Nf3 0-0 6. 0-0 Nbd7 7. Nc3 e5 8. e4 exd4 9. Nxd4 Re8 10. h3 a6 11. Re1 Rb8 12. Rb1 Ne5 13. b3 c5 14. Nc2 Be6 15. Bb2 h5 16. f4 Nc6 17. Nd5 Bxd5 18. cxd5 Ne7 19. Ne3 Nd7 20. Nc4 Nc8 21. e5 b5 22. Nxd6 Nxd6 23. exd6 Bxb2 24. Rxe8+ Qxe8 25. Rxb2 Qe3+ 26. Kh2 h4 27. Qg4 hxg3+ 28. Qxg3 Qxg3+ 29. Kxg3 Rb6 30. Rc2 Rxd6 31. h4 Kg7 32. Bf3 Kf6 33. Bg4 Rxd5 1/2-1/2